[Event "RUS-ch Rapid"]
[Site "Sochi"]
[Date "2023.10.16"]
[Round "8"]
[White "Khismatullin, Denis Rimovich"]
[Black "Pogosian, Manvel"]
[Result "1-0"]
[WhiteElo "2579"]
[BlackElo "2339"]
[PlyCount "65"]
[EventDate "2023.10.15"]
[EventType "swiss (rapid)"]
[EventRounds "11"]
[EventCountry "RUS"]
[SourceTitle "Mega2024 Update 01"]
[Source "Chessbase"]
[SourceDate "2023.11.12"]
[SourceVersion "1"]
[SourceVersionDate "2023.11.12"]
[SourceQuality "1"]

1. d4 Nf6 2. c4 e6 3. Nf3 d5 4. Nc3 c5 5. cxd5 Nxd5 6. e3 Be7 7. Bd3 0-0 8. 0-0 Nc6 9. a3 b6 10. Qc2 Nf6 11. dxc5 Bb7 12. Rd1 Qb8 13. cxb6 axb6 14. Qe2 Rd8 15. h3 Ne5 16. e4 Nxd3 17. Rxd3 Ba6 18. Rxd8+ Qxd8 19. Qe1 h6 20. Bf4 Ra7 21. Ne5 Qa8 22. Rd1 Bb7 23. f3 Bc5+ 24. Be3 Qc8 25. Qf2 Ba6 26. Na4 Bxe3 27. Qxe3 Qc2 28. Rd8+ Kh7 29. Nxb6 Qxb2 30. Nbd7 Nxd7 31. Nxd7 Rc7 32. Nf8+ Kg8 33. Nxe6+ 1-0

[Event "RUS-ch Rapid"]
[Site "Sochi"]
[Date "2023.10.16"]
[Round "11"]
[White "Pogosian, Manvel"]
[Black "Smirnov, Pavel"]
[Result "1/2-1/2"]
[WhiteElo "2339"]
[BlackElo "2538"]
[PlyCount "101"]
[EventDate "2023.10.15"]
[EventType "swiss (rapid)"]
[EventRounds "11"]
[EventCountry "RUS"]
[SourceTitle "Mega2024 Update 01"]
[Source "Chessbase"]
[SourceDate "2023.11.12"]
[SourceVersion "1"]
[SourceVersionDate "2023.11.12"]
[SourceQuality "1"]

1. d4 Nf6 2. Nf3 d5 3. c4 e6 4. g3 Be7 5. Bg2 0-0 6. 0-0 c6 7. Nbd2 b6 8. b3 Bb7 9. Bb2 Nbd7 10. Rc1 Rc8 11. Rc2 Rc7 12. Qa1 c5 13. dxc5 Nxc5 14. Rfc1 Qa8 15. cxd5 Qd8 16. b4 Na6 17. dxe6 fxe6 18. a3 Rxc2 19. Rxc2 Nc7 20. Be5 Nfe8 21. Qc1 Nb5 22. Bh3 Qd5 23. e4 Qd3 24. Bxe6+ Kh8 25. Bc4 Qd7 26. Bb2 Nbd6 27. Ne5 Qd8 28. Bb3 Bg5 29. f4 Bf6 30. Nc6 Bxc6 31. Rxc6 Nb5 32. Nf3 Qd3 33. Bxf6 Qxf3 34. Bc3 Ned6 35. Bd5 Nxe4 36. Bxe4 Qxe4 37. Be5 Qd5 38. Rc8 Kg8 39. Rxf8+ Kxf8 40. a4 Nd6 41. b5 Nc4 42. Qc3 Nxe5 43. fxe5 Ke7 44. Qc7+ Qd7 45. Qc6 Qd4+ 46. Kg2 Qxe5 47. Qb7+ Kf6 48. Qxa7 Qe2+ 49. Kg1 Qe1+ 50. Kg2 Qe2+ 51. Kg1 1/2-1/2

[Event "Titled Tuesday intern op 09th Mar"]
[Site "Chess.com INT"]
[Date "2021.03.09"]
[Round "3"]
[White "Pogosian, Manvel"]
[Black "Ghimpu, Samuel Timotei"]
[Result "0-1"]
[WhiteElo "2396"]
[BlackElo "2299"]
[PlyCount "76"]
[EventDate "2021.03.09"]
[EventType "swiss (blitz)"]
[EventRounds "11"]
[EventCountry "USA"]
[SourceTitle "CBM 201 Extra"]
[Source "ChessBase"]
[SourceDate "2021.05.31"]
[SourceVersion "1"]
[SourceVersionDate "2021.05.31"]
[SourceQuality "1"]

1. d4 Nf6 2. Nf3 g6 3. g3 Bg7 4. Bg2 0-0 5. 0-0 d6 6. c4 Nc6 7. Nc3 a6 8. h3 Rb8 9. e4 Nd7 10. Be3 e5 11. d5 Ne7 12. b4 h6 13. c5 f5 14. Rc1 f4 15. Bd2 g5 16. Ne1 Ng6 17. Nd3 Nf6 18. g4 f3 19. Bxf3 Nh4 20. Be2 h5 21. f3 Ng6 22. Bxg5 Qe8 23. Qd2 Nh7 24. Be3 Qe7 25. Qe1 Ng5 26. Qg3 Nf4 27. Bxf4 exf4 28. Qg2 Bd4+ 29. Nf2 hxg4 30. hxg4 Qh7 31. Rfd1 Nh3+ 32. Kf1 Bxf2 33. cxd6 cxd6 34. e5 Bg3 35. Bd3 Qh4 36. Ne4 Ng5 37. Nxd6 Bxg4 38. Be2 Bh3 0-1

[Event "Titled Tuesday intern op 02nd Mar"]
[Site "Chess.com INT"]
[Date "2021.03.02"]
[Round "9"]
[White "Nilssen, Ellen Fredericia"]
[Black "Pogosian, Manvel"]
[Result "1-0"]
[WhiteElo "2168"]
[BlackElo "2396"]
[PlyCount "174"]
[EventDate "2021.03.02"]
[EventType "swiss (blitz)"]
[EventRounds "11"]
[EventCountry "USA"]
[SourceTitle "CBM 201 Extra"]
[Source "ChessBase"]
[SourceDate "2021.05.31"]
[SourceVersion "1"]
[SourceVersionDate "2021.05.31"]
[SourceQuality "1"]

1. c4 e5 2. Nc3 Nf6 3. g3 Nc6 4. Bg2 Bc5 5. e3 0-0 6. Nge2 a5 7. 0-0 Re8 8. d4 exd4 9. exd4 Ba7 10. h3 d6 11. Be3 h6 12. Qc2 Bd7 13. Rad1 Qc8 14. Kh2 Rb8 15. Nf4 Bf5 16. Qc1 Nb4 17. a3 Nc2 18. Nfd5 Nxd5 19. Nxd5 Nxe3 20. fxe3 c6 21. Nf4 Be4 22. Qd2 Bxg2 23. Nxg2 Re4 24. Qf2 Qe8 25. Rde1 b5 26. cxb5 Rxb5 27. Nh4 g6 28. Nf3 c5 29. dxc5 Bxc5 30. Nd4 Bxd4 31. exd4 Rxb2 32. Qxb2 Rxe1 33. Rxe1 Qxe1 34. Qb8+ Kg7 35. Qxd6 Qf2+ 36. Kh1 Qf1+ 37. Kh2 Qf2+ 38. Kh1 Qf1+ 39. Kh2 a4 40. Qe5+ Kh7 41. Qe3 Qd1 42. Qf4 Kg8 43. Qb8+ Kh7 44. Qf4 Qc2+ 45. Kh1 Qb3 46. Kg2 h5 47. Kh1 Kg7 48. Qe5+ Kh7 49. Qf4 Kg7 50. Qe5+ f6 51. Qe7+ Qf7 52. Qe4 Qd7 53. Kh2 Kf7 54. d5 Qd6 55. Qxa4 Qxd5 56. Qa7+ Ke6 57. Qb6+ Qd6 58. Qe3+ Kf7 59. Qa7+ Kg8 60. Qa8+ Kh7 61. Qb7+ Kh6 62. Qb2 h4 63. Qf2 g5 64. Kg2 Qd5+ 65. Kh2 Qd6 66. Kg2 Kg6 67. gxh4 Qd5+ 68. Kh2 Qe5+ 69. Kg2 Qe4+ 70. Kh2 gxh4 71. Qg2+ Qxg2+ 72. Kxg2 Kf5 73. Kf3 Ke5 74. a4 Kd5 75. Kf4 Kc4 76. Kf5 Kb4 77. Kxf6 Kxa4 78. Kg5 Kb5 79. Kxh4 Kc6 80. Kg5 Kd7 81. Kg6 Ke8 82. Kg7 Ke7 83. h4 Ke6 84. h5 Kf5 85. h6 Kg5 86. h7 Kg4 87. h8Q Kg3 1-0

[Event "Titled Tuesday intern op 16th Feb"]
[Site "Chess.com INT"]
[Date "2021.02.16"]
[Round "6"]
[White "Pogosian, Manvel"]
[Black "Kett, Timothy"]
[Result "0-1"]
[WhiteElo "2396"]
[BlackElo "2178"]
[PlyCount "100"]
[EventDate "2021.02.16"]
[EventType "swiss (blitz)"]
[EventRounds "11"]
[EventCountry "USA"]
[SourceTitle "EXT 2022"]
[Source "ChessBase"]
[SourceDate "2021.10.06"]
[SourceVersion "1"]
[SourceVersionDate "2021.10.06"]
[SourceQuality "1"]

1. d4 d5 2. c4 e6 3. Nc3 Nf6 4. Bg5 Be7 5. e3 h6 6. Bh4 0-0 7. Nf3 b6 8. Bd3 Bb7 9. 0-0 Nbd7 10. Qe2 c5 11. Rfd1 Ne4 12. Bxe7 Qxe7 13. cxd5 exd5 14. dxc5 Ndxc5 15. Rac1 Rac8 16. Nd4 Rfe8 17. Bb5 Red8 18. Qg4 a6 19. Bf1 Re8 20. b4 Nxf2 21. Qxg7+ Kxg7 22. Nf5+ Kf8 23. Nxe7 Nxd1 24. Nxc8 Nxc3 25. bxc5 Nxa2 26. Ra1 Rxc8 27. Rxa2 bxc5 28. Bd3 c4 29. Bf5 Rc7 30. Kf2 Ke7 31. Ke2 Kf6 32. Bb1 Ke5 33. Kd2 Rc5 34. Rb2 Rb5 35. Rxb5 axb5 36. Kc3 f5 37. g3 h5 38. Bc2 Bc6 39. Bd1 Ke4 40. Kd2 b4 41. Bxh5 c3+ 42. Kc2 Ba4+ 43. Kc1 Kxe3 44. Bg6 d4 45. Bxf5 d3 46. Bg4 d2+ 47. Kb1 d1Q+ 48. Bxd1 Bxd1 49. h4 b3 50. Kc1 Bg4 0-1

[Event "Titled Tuesday intern op 09th Feb"]
[Site "Chess.com INT"]
[Date "2021.02.09"]
[Round "11"]
[White "Pogosian, Manvel"]
[Black "Shuvalov, Evgenij"]
[Result "1-0"]
[WhiteElo "2396"]
[BlackElo "2182"]
[PlyCount "165"]
[EventDate "2021.02.09"]
[EventType "swiss (blitz)"]
[EventRounds "11"]
[EventCountry "USA"]
[SourceTitle "EXT 2022"]
[Source "ChessBase"]
[SourceDate "2021.10.06"]
[SourceVersion "1"]
[SourceVersionDate "2021.10.06"]
[SourceQuality "1"]

1. d4 Nf6 2. Nf3 g6 3. g3 Bg7 4. Bg2 0-0 5. 0-0 d5 6. b3 c5 7. Bb2 Ne4 8. Nbd2 Nc6 9. e3 Bg4 10. h3 Nxd2 11. Qxd2 Bf5 12. c3 cxd4 13. Nxd4 Bd7 14. Rfd1 e6 15. Rac1 Qa5 16. a3 Rfd8 17. b4 Qb6 18. c4 dxc4 19. Rxc4 Be8 20. Qc1 Ne5 21. Rc5 a5 22. bxa5 Rxa5 23. Rxa5 Qxa5 24. Qa1 Nc4 25. Bc3 Qxa3 26. Qxa3 Nxa3 27. Bxb7 e5 28. Ba5 Rb8 29. Nc6 Rxb7 30. Rd8 Bf6 31. Rxe8+ Kg7 32. Bb4 g5 33. Bxa3 Kg6 34. Kg2 Rc7 35. Nxe5+ Kf5 36. Ng4 h5 37. e4+ Kg6 38. Nxf6 Kxf6 39. Bd6 Rd7 40. Be5+ Kg6 41. Rg8+ Kh6 42. Bf6 g4 43. hxg4 hxg4 44. Rxg4 Rd6 45. Be5 Re6 46. Bf4+ Kh7 47. e5 Re7 48. Rh4+ Kg6 49. g4 Rd7 50. f3 Rd3 51. Kg3 Rb3 52. Rh6+ Kg7 53. Rd6 Rb1 54. Bg5 Re1 55. Bf6+ Kg6 56. Rd8 Rg1+ 57. Kf4 Re1 58. Rg8+ Kh6 59. Rg7 Re4+ 60. Kg3 Re3 61. Rxf7 Kg6 62. Rg7+ Kh6 63. Bg5+ Kxg7 64. Bxe3 Kg6 65. f4 Kf7 66. f5 Ke7 67. Kf4 Kd7 68. e6+ Kc6 69. Bd4 Kd6 70. g5 Kd5 71. Be5 Kc4 72. g6 Kd3 73. g7 Ke2 74. g8Q Kf1 75. f6 Ke2 76. f7 Kd1 77. f8Q Kc2 78. e7 Kd1 79. e8Q Ke2 80. Qc4+ Kf2 81. Bd4+ Kg2 82. Qee2+ Kh3 83. Qh6# 1-0

[Event "Titled Tuesday intern op 26th Jan"]
[Site "Chess.com INT"]
[Date "2021.01.26"]
[Round "10"]
[White "Gulkov, Igor A"]
[Black "Pogosian, Manvel"]
[Result "1/2-1/2"]
[WhiteElo "2358"]
[BlackElo "2377"]
[PlyCount "153"]
[EventDate "2021.01.26"]
[EventType "swiss (blitz)"]
[EventRounds "11"]
[EventCountry "USA"]
[SourceTitle "CBM 200 Extra"]
[Source "ChessBase"]
[SourceDate "2021.03.31"]
[SourceVersion "1"]
[SourceVersionDate "2021.03.31"]
[SourceQuality "1"]

1. Nf3 d5 2. d4 c5 3. c4 e6 4. cxd5 exd5 5. g3 Nc6 6. Bg2 Bg4 7. Nc3 Nf6 8. Be3 c4 9. Ne5 Be6 10. 0-0 Be7 11. Nxc4 dxc4 12. d5 Nxd5 13. Nxd5 0-0 14. Nxe7+ Qxe7 15. Qa4 Rfc8 16. Rad1 a6 17. Bb6 h6 18. Rfe1 Rab8 19. Bd5 Bxd5 20. Rxd5 Nb4 21. Bc5 Rxc5 22. Qxb4 Rbc8 23. Rxc5 Rxc5 24. Rd1 Rc7 25. Qxe7 Rxe7 26. e3 b5 27. Rd6 Re6 28. Rd5 Kf8 29. Kf1 Ke7 30. Ke2 Rd6 31. Rc5 Ke6 32. a4 Rb6 33. axb5 axb5 34. e4 Kd6 35. Rd5+ Ke6 36. Rc5 g6 37. f4 Kd6 38. Rd5+ Kc6 39. Kd2 b4 40. h4 Rb5 41. Rd8 Rb7 42. Rc8+ Kb5 43. e5 Rd7+ 44. Ke2 Ra7 45. g4 Ra2 46. Rb8+ Kc5 47. Ke3 Rxb2 48. f5 gxf5 49. gxf5 c3 50. e6 fxe6 51. f6 Rb1 52. f7 Rf1 53. f8Q+ Rxf8 54. Rxf8 Kc4 55. Rc8+ Kb3 56. Kd3 Kb2 57. Rc4 Kb3 58. Re4 e5 59. Rxe5 Kb2 60. Re2+ Kb1 61. Re1+ Kb2 62. Re2+ Kb1 63. Rc2 b3 64. Rxc3 b2 65. Kd2 Ka2 66. Rc2 Kb3 67. Rxb2+ Kxb2 68. Ke3 Kc3 69. Kf4 Kd4 70. Kf5 Kd5 71. Kg6 Ke6 72. Kxh6 Kf7 73. h5 Kg8 74. Kg6 Kh8 75. h6 Kg8 76. h7+ Kh8 77. Kh6 1/2-1/2

[Event "Titled Tuesday intern op 26th Jan"]
[Site "Chess.com INT"]
[Date "2021.01.26"]
[Round "7"]
[White "Pogosian, Manvel"]
[Black "Di Berardino, Diego Rafael"]
[Result "0-1"]
[WhiteElo "2377"]
[BlackElo "2471"]
[PlyCount "70"]
[EventDate "2021.01.26"]
[EventType "swiss (blitz)"]
[EventRounds "11"]
[EventCountry "USA"]
[SourceTitle "CBM 200 Extra"]
[Source "ChessBase"]
[SourceDate "2021.03.31"]
[SourceVersion "1"]
[SourceVersionDate "2021.03.31"]
[SourceQuality "1"]

1. d4 d5 2. c4 e6 3. Nc3 Be7 4. Nf3 Nf6 5. Bg5 0-0 6. e3 Nbd7 7. Bd3 h6 8. Bh4 dxc4 9. Bxc4 a6 10. 0-0 b5 11. Bb3 Bb7 12. Qe2 c5 13. Rfd1 Qb6 14. Rac1 Rac8 15. a3 cxd4 16. exd4 b4 17. axb4 Qxb4 18. Ba2 Nb6 19. Ne5 Nfd5 20. Bxd5 Nxd5 21. Nxd5 Bxd5 22. Bxe7 Qxe7 23. Rxc8 Rxc8 24. Qxa6 Rc2 25. Qa3 Qg5 26. g3 Qf5 27. Qe3 Qh3 28. Nf3 Qh5 29. Kg2 Rxb2 30. Rc1 Rb3 31. Rc8+ Kh7 32. Rc3 Qxf3+ 33. Qxf3 Rxc3 34. Qxd5 exd5 35. h4 Rd3 0-1

[Event "Titled Tuesday intern op 19th Jan"]
[Site "Chess.com INT"]
[Date "2021.01.19"]
[Round "8"]
[White "Manukyan, Artyom"]
[Black "Pogosian, Manvel"]
[Result "1-0"]
[WhiteElo "2148"]
[BlackElo "2377"]
[PlyCount "109"]
[EventDate "2021.01.19"]
[EventType "swiss (blitz)"]
[EventRounds "11"]
[EventCountry "USA"]
[SourceTitle "CBM 200 Extra"]
[Source "ChessBase"]
[SourceDate "2021.03.31"]
[SourceVersion "1"]
[SourceVersionDate "2021.03.31"]
[SourceQuality "1"]

1. e4 c6 2. d4 d5 3. exd5 cxd5 4. c3 Nf6 5. Bd3 Nc6 6. Bf4 g6 7. Nf3 Bf5 8. Ne5 Bxd3 9. Nxd3 Bg7 10. h3 0-0 11. 0-0 Ne4 12. f3 Nd6 13. Nd2 Re8 14. Re1 f6 15. Qb3 e6 16. Nc5 Na5 17. Qb4 e5 18. Bg3 b6 19. Nd3 Nf5 20. Bf2 Nc6 21. Qa4 Rc8 22. Rad1 Kh8 23. g4 Nd6 24. Qb3 Na5 25. Qxd5 Qe7 26. dxe5 fxe5 27. Bg3 Nac4 28. Nxc4 Nxc4 29. b3 Red8 30. Qe4 Nd6 31. Qe2 Rxc3 32. Nxe5 Qf8 33. Nc4 Nxc4 34. Rxd8 Qxd8 35. Qe8+ Qxe8 36. Rxe8+ Bf8 37. Rxf8+ Kg7 38. Rc8 Rxf3 39. Kg2 Nd2 40. Rd8 Rxg3+ 41. Kxg3 Ne4+ 42. Kf4 Nc5 43. Ra8 a5 44. g5 Kf7 45. Ke5 Ke7 46. Ra7+ Kd8 47. Rxh7 Nd3+ 48. Kd6 Kc8 49. h4 Nf4 50. h5 gxh5 51. Ke5 Ng6+ 52. Kf6 Nf4 53. g6 Nd5+ 54. Ke5 Ne7 55. Rxe7 1-0

[Event "Tula Suetin Memorial"]
[Site "Tula"]
[Date "2021.01.06"]
[Round "4"]
[White "Pogosian, Manvel"]
[Black "Moiseenko, Vladimir"]
[Result "1-0"]
[WhiteElo "2377"]
[BlackElo "2236"]
[PlyCount "67"]
[EventDate "2021.01.03"]
[EventType "tourn"]
[EventRounds "9"]
[EventCountry "RUS"]
[EventCategory "2"]
[SourceTitle "CBM 200 Extra"]
[Source "ChessBase"]
[SourceDate "2021.03.31"]
[SourceVersion "1"]
[SourceVersionDate "2021.03.31"]
[SourceQuality "1"]

1. d4 Nf6 2. Nf3 g6 3. c4 Bg7 4. g3 0-0 5. Bg2 d6 6. 0-0 Nbd7 7. Nc3 e5 8. e4 c6 9. h3 Qb6 10. c5 dxc5 11. dxe5 Ne8 12. e6 fxe6 13. Ng5 Ne5 14. Na4 Qb5 15. f4 Nd3 16. e5 c4 17. b3 Nxc1 18. Rxc1 cxb3 19. axb3 h6 20. Ne4 Qb4 21. Nac5 Qb6 22. Qg4 Kh7 23. Kh2 Rf5 24. Qh4 Qc7 25. Ng5+ Rxg5 26. fxg5 Qxe5 27. gxh6 Bxh6 28. Qe7+ Ng7 29. Ne4 Bxc1 30. Nf6+ Qxf6 31. Qxf6 Ba3 32. Be4 Nf5 33. Bxf5 gxf5 34. Rf4 1-0

[Event "Titled Tuesday intern op 22nd Dec"]
[Site "Chess.com INT"]
[Date "2020.12.22"]
[Round "7"]
[White "Iskandarov, Misratdin"]
[Black "Pogosian, Manvel"]
[Result "0-1"]
[WhiteElo "2535"]
[BlackElo "2378"]
[PlyCount "34"]
[EventDate "2020.12.22"]
[EventType "swiss (blitz)"]
[EventRounds "11"]
[EventCountry "USA"]
[SourceTitle "CBM 199 Extra"]
[Source "ChessBase"]
[SourceDate "2021.01.31"]
[SourceVersion "1"]
[SourceVersionDate "2021.01.31"]
[SourceQuality "1"]

1. e4 c6 2. Nc3 d5 3. Nf3 Bg4 4. Be2 e6 5. 0-0 Nd7 6. d4 dxe4 7. Nxe4 Ngf6 8. Ng3 Bd6 9. Re1 0-0 10. Ne5 Bxe2 11. Qxe2 c5 12. Bg5 cxd4 13. Nxd7 Qxd7 14. Bxf6 gxf6 15. Nh5 Kh8 16. Qg4 Rg8 17. Qxd4 Bxh2+ 0-1

[Event "Titled Tuesday intern op 15st Dec"]
[Site "Chess.com INT"]
[Date "2020.12.15"]
[Round "6"]
[White "Pogosian, Manvel"]
[Black "Hansen, Sune Berg"]
[Result "1/2-1/2"]
[WhiteElo "2378"]
[BlackElo "2533"]
[PlyCount "125"]
[EventDate "2020.12.15"]
[EventType "swiss (blitz)"]
[EventRounds "11"]
[EventCountry "USA"]
[SourceTitle "CBM 199 Extra"]
[Source "ChessBase"]
[SourceDate "2021.01.31"]
[SourceVersion "1"]
[SourceVersionDate "2021.01.31"]
[SourceQuality "1"]

1. d4 Nf6 2. Nf3 g6 3. c4 Bg7 4. g3 d6 5. Bg2 0-0 6. 0-0 Nbd7 7. Nc3 e5 8. e4 exd4 9. Nxd4 Re8 10. h3 Nc5 11. Re1 Bd7 12. Qc2 h6 13. Be3 Qc8 14. Kh2 Re5 15. Nde2 Rh5 16. Nf4 Ng4+ 17. Kg1 Nxe3 18. Rxe3 Re5 19. Kh2 h5 20. Nd3 Nxd3 21. Qxd3 Re8 22. Rd1 Bc6 23. b3 a6 24. h4 b5 25. Bh3 Qb7 26. Nd5 bxc4 27. Qxc4 Bxd5 28. Rxd5 Re7 29. Ra5 Qb6 30. Qa4 Bd4 31. Re2 Bxf2 32. Bg2 Bg1+ 33. Kh1 Bc5 34. e5 Ra7 35. a3 dxe5 36. b4 Bd4 37. Rd5 c5 38. bxc5 Qb1+ 39. Kh2 Bg1+ 40. Kh3 Qf5+ 41. g4 hxg4+ 42. Qxg4 Qxg4+ 43. Kxg4 Rac7 44. Rdxe5 Rxe5 45. Rxe5 Bxc5 46. Bf1 a5 47. a4 Kg7 48. Bb5 f5+ 49. Kf3 Kf6 50. Re8 Bd6 51. Rd8 Rc3+ 52. Kg2 Be5 53. Rf8+ Kg7 54. Ra8 Bc7 55. Ra6 Rg3+ 56. Kf2 f4 57. Ra7 Rc3 58. Ra6 Kf7 59. Rc6 Rxc6 60. Bxc6 Kf6 61. Kf3 g5 62. hxg5+ Kxg5 63. Bb5 1/2-1/2

[Event "Titled Tuesday intern op 15st Dec"]
[Site "Chess.com INT"]
[Date "2020.12.15"]
[Round "10"]
[White "Sergienko, Sergey"]
[Black "Pogosian, Manvel"]
[Result "0-1"]
[WhiteElo "2335"]
[BlackElo "2378"]
[PlyCount "92"]
[EventDate "2020.12.15"]
[EventType "swiss (blitz)"]
[EventRounds "11"]
[EventCountry "USA"]
[SourceTitle "CBM 199 Extra"]
[Source "ChessBase"]
[SourceDate "2021.01.31"]
[SourceVersion "1"]
[SourceVersionDate "2021.01.31"]
[SourceQuality "1"]

1. e4 e6 2. d4 d5 3. Nc3 dxe4 4. Nxe4 Bd7 5. Nf3 Bc6 6. Bd3 Nd7 7. 0-0 Ngf6 8. Ng3 Bd6 9. c4 Bxf3 10. Qxf3 c6 11. b3 0-0 12. Bb2 Qa5 13. a3 Rad8 14. Ne4 Nxe4 15. Qxe4 Nf6 16. Qe2 Rfe8 17. Rfe1 Bf8 18. g3 g6 19. Kg2 Bg7 20. Rad1 h5 21. Qf3 Ng4 22. h3 Nh6 23. Bc2 Nf5 24. Bxf5 Qxf5 25. Qxf5 gxf5 26. Kf3 Rd7 27. Ke3 Red8 28. c5 e5 29. b4 exd4+ 30. Kd3 Bf6 31. f4 Kg7 32. Re2 Kg6 33. Rg1 b6 34. Rgg2 bxc5 35. bxc5 Rb8 36. Rd2 Rb3+ 37. Kc4 Re3 38. Rd3 Re4 39. Rgd2 h4 40. gxh4 Rxf4 41. Rg3+ Kh5 42. Rg8 d3+ 43. Kb3 Rb7+ 44. Ka2 Rxb2+ 45. Rxb2 Bxb2 46. Kxb2 Rd4 0-1

[Event "Titled Tuesday intern op 01st Dec"]
[Site "Chess.com INT"]
[Date "2020.12.01"]
[Round "4"]
[White "Necula, Iulian"]
[Black "Pogosian, Manvel"]
[Result "0-1"]
[WhiteElo "1890"]
[BlackElo "2378"]
[PlyCount "132"]
[EventDate "2020.12.01"]
[EventType "swiss (blitz)"]
[EventRounds "11"]
[EventCountry "USA"]
[SourceTitle "CBM 199 Extra"]
[Source "ChessBase"]
[SourceDate "2021.01.31"]
[SourceVersion "1"]
[SourceVersionDate "2021.01.31"]
[SourceQuality "1"]

1. f4 e5 2. fxe5 d6 3. exd6 Bxd6 4. Nf3 g5 5. g3 g4 6. Nh4 Ne7 7. d4 Ng6 8. Ng2 h5 9. Qd3 h4 10. Nf4 Nxf4 11. Bxf4 hxg3 12. Qxg3 Nc6 13. Bxd6 cxd6 14. c3 Be6 15. Nd2 d5 16. 0-0-0 Qg5 17. e3 0-0-0 18. Qf4 Qxf4 19. exf4 Rh4 20. Bd3 Rdh8 21. f5 Bd7 22. Nf1 Ne7 23. f6 Nf5 24. Bxf5 Bxf5 25. Ne3 Be4 26. Rhg1 Rxh2 27. Rd2 Rh1 28. Rdd1 Rxg1 29. Rxg1 Bf3 30. Nxg4 Rg8 31. Re1 Bxg4 32. Re7 Be6 33. Kd2 Rg6 34. c4 dxc4 35. Kc3 Rxf6 36. Kb4 Rf5 37. Re8+ Kc7 38. Ra8 Kb6 39. Rd8 a5+ 40. Kc3 Rf3+ 41. Kd2 Rf2+ 42. Kc3 Kc7 43. Ra8 b6 44. Ra7+ Kc6 45. a3 Kb5 46. Rc7 Rf3+ 47. Kd2 Rd3+ 48. Kc2 Rxd4 49. Kc3 Rd3+ 50. Kc2 f5 51. Re7 Re3 52. Kd2 f4 53. Re8 Ka4 54. Rf8 Re4 55. Rb8 b5 56. Rf8 Kb3 57. Rb8 b4 58. axb4 axb4 59. Kc1 f3 60. Rf8 Bg4 61. Rf6 Re2 62. Kd1 f2 63. Rxf2 Rxf2+ 64. Ke1 Rxb2 65. Kf1 Re2 66. Kg1 c3 0-1

[Event "Titled Tuesday intern op 01st Dec"]
[Site "Chess.com INT"]
[Date "2020.12.01"]
[Round "3"]
[White "Pogosian, Manvel"]
[Black "Borsuk, Konstantin"]
[Result "0-1"]
[WhiteElo "2378"]
[BlackElo "2413"]
[PlyCount "102"]
[EventDate "2020.12.01"]
[EventType "swiss (blitz)"]
[EventRounds "11"]
[EventCountry "USA"]
[SourceTitle "CBM 199 Extra"]
[Source "ChessBase"]
[SourceDate "2021.01.31"]
[SourceVersion "1"]
[SourceVersionDate "2021.01.31"]
[SourceQuality "1"]

1. d4 Nf6 2. Nf3 e6 3. c4 b6 4. Nc3 Bb4 5. Bd2 Bb7 6. e3 0-0 7. Bd3 d6 8. Qc2 Nbd7 9. a3 Bxc3 10. Bxc3 Qe7 11. e4 e5 12. 0-0 a5 13. Rfe1 a4 14. Nh4 g6 15. g3 Rfe8 16. Ng2 exd4 17. Bxd4 Ne5 18. Bxe5 dxe5 19. Ne3 Qc5 20. Rac1 Nd7 21. Qd2 Red8 22. Nd5 c6 23. Ne3 Qe7 24. h4 Nc5 25. Rc3 Nxe4 26. Qc2 Nxc3 27. Qxc3 Bc8 28. h5 Qd6 29. Be4 f5 30. Bf3 Qd4 31. Qc2 e4 32. Be2 Be6 33. hxg6 hxg6 34. Ng2 Qd2 35. Qb1 Bf7 36. Nf4 Qd4 37. Rd1 Qc5 38. Qc2 Rxd1+ 39. Qxd1 Qe7 40. Qd4 c5 41. Qc3 Rd8 42. Kg2 g5 43. Nd5 Bxd5 44. cxd5 Qd6 45. Bc4 Rb8 46. Qc2 b5 47. Ba2 c4 48. g4 Qxd5 49. gxf5 e3+ 50. f3 Qd2+ 51. Qxd2 exd2 0-1